| 000 | 00343nam a2200145Ia 4500 | ||
|---|---|---|---|
| 008 | 191201s2008 xx 000 0 und d | ||
| 082 |
_a621.38214 _bHAE |
||
| 100 | _aHayt, William H | ||
| 245 | 0 | _aEngineering Electromagnetics | |
| 250 | _aRaep. | ||
| 260 |
_aN.Delhi _bTMH _c2008 |
||
| 300 | _a582 | ||
| 650 | _aB.Tech(ECE) | ||
| 942 |
_2ddc _cBK |
||
| 999 |
_c3859 _d3859 |
||